01714nam a2200229Ia 4500003000400000005001700004008004100021040002100062041001300083082002300096100002800119245012300147260005500270300002900325500003800354505091700392650004201309650002701351650004301378700003301421700003001454OSt20210503105042.0210310s1945 mx gr 000 0 spa d aCO-JCMRcCO-JCMR1 aspaheng04a330.9 /bO746e2231 aOlson, Paul R., eautor10aEconomía internacional latinoamericana /cPaul R. Olson, C. Addison Hickman ; Versión en Español de A. S. Hoyos. aMéxico : bFondo de Cultura Económica, c1945. a503 páginas ; c21 cm. aIncluye notas a pie de página. 0 aPapel del comercio exterior en la América Latina. -- Composición del comercio Panamericano. -- Distribución del comercio Panamericano. -- Papel de capital extranjero en la América Latina. -- Inversión extranjeras usuales en Latinoamérica. -- Oportunidades para inversiones en la América Latina. -- Impedimentos a la inversión de capital en América Latina. -- Inversiones públicas en la América Latina. -- Política aduanera de Estados Unidos en el comercio con Latinoamérica. -- El programa de tratados comerciales recíprocos en el tráfico mercantil Latinoamericano. -- Aspectos extra aduaneros de la política comercial internacional de Estados Unidos. -- Política arancelaria Latinoamericana. -- El control de cambio en la América Latina. -- Otros controles comerciales arancelarios de Latinoamérica. -- Cooperación Panamericana. -- Futuro papel mundial de "Panamericana"14aComercio exterior zAmérica Latina 24aComercio Panamericano.24aCapital extranjero zAmérica Latina.1 aHickman, C. Addison, eautor aHoyos, A. S., etraductor